| 000 | 00902nam a2200289 i 4500 | ||
|---|---|---|---|
| 001 | bg | ||
| 100 | 1 | _aSZWEYKOWSKA, Alicja | |
| 245 | 1 | 0 |
_aBotanika. _nT. 2, _pSystematyka / _cAlicja Szweykowska, Jerzy Szweykowski. |
| 250 | _aWyd. 5. | ||
| 260 |
_aWarszawa : _bWydaw. Naukowe PWN, _c1998. |
||
| 300 |
_a636, [1] s. : _b3 fot., rys. ; _c24 cm. |
||
| 504 | _aBibliogr. s. 604-606. - Indeksy. | ||
| 521 | _aKsiążka pomocnicza do nauki biologii w szkołach ponadpodstawowych. | ||
| 650 | 9 |
_aRośliny _xsystematyka |
|
| 650 | 9 |
_aRośliny _xsystematyka _xteoria |
|
| 655 | _aPodręczniki akademickie | ||
| 700 | 1 | _aSZWEYKOWSKI, Jerzy | |
| 020 | _a8301109513 (t. 2) | ||
| 020 | _a8301109521 (2 t.) | ||
| 040 | _cBPK | ||
| 041 | 0 | _apl | |
| 080 | _a581(075.8) | ||
| 920 | _a83-01-10951-3 (t. 2) | ||
| 920 | _a83-01-10952-1 (2 t.) | ||
| 942 | _cKS | ||
| 008 | s pl f |000 0 pol | ||
| 999 |
_c33547 _d33547 |
||
| 856 |
_uhttp://koha.tu.koszalin.pl/cgi-bin/koha/opac-detail.pl?biblionumber=33547 _yKatalog online BPK |
||